[Event "Kent league"]
[Site "?"]
[Date "2011.12.10"]
[Round "?"]
[White "Stebbings, A."]
[Black "Heath, D."]
[Result "1-0"]
[WhiteElo "2210"]
[BlackElo "1922"]
[PlyCount "45"]
[EventDate "2011.??.??"]

1. e4 Nc6 2. Nf3 d6 3. d4 g6 4. d5 Ne5 5. Nxe5 dxe5 6. c4 Bg7 7. Nc3 a6 8. Be2
e6 9. Be3 Ne7 10. Qa4+ Bd7 11. Qb3 exd5 12. cxd5 b6 13. O-O O-O 14. Rac1 Nc8
15. Rc2 Nd6 16. Rfc1 f5 17. f3 Kh8 18. Nb1 Ne8 19. Nd2 Qh4 20. d6 cxd6 21. Qxb6
fxe4 22. Nxe4 Bf5 23. Bg5 1-0

[Event "Kent league"]
[Site "?"]
[Date "2011.12.13"]
[Round "?"]
[White "Wood, P."]
[Black "Stebbings, A."]
[Result "0-1"]
[WhiteElo "1946"]
[BlackElo "2210"]
[PlyCount "110"]
[EventDate "2011.??.??"]

1. e4 c5 2. Nc3 Nc6 3. g3 g6 4. Bg2 Bg7 5. d3 d6 6. f4 e5 7. Nh3 Nge7 8. O-O
exf4 9. Nxf4 O-O 10. Be3 Rb8 11. Qd2 b5 12. a3 a5 13. Rab1 b4 14. axb4 axb4 15.
Ncd5 Nxd5 16. Nxd5 Be6 17. Kh1 Bxd5 18. exd5 Nd4 19. Bg5 f6 20. Bf4 f5 21. Rfe1
Qd7 22. c3 bxc3 23. bxc3 Nb5 24. Rbc1 Rfe8 25. Bf3 Rxe1+ 26. Qxe1 Re8 27. Qd2
Be5 28. Kg2 Qg7 29. Bxe5 Qxe5 30. Qb2 Nc7 31. Qb7 Re7 32. Rc2 Ne8 33. Qb2 g5
34. Re2 Qg7 35. Rxe7 Qxe7 36. Qe2 Qxe2+ 37. Bxe2 Nc7 38. c4 Kg7 39. Kf3 Kf6 40.
Ke3 Ke5 41. h4 h6 42. hxg5 hxg5 43. Bh5 Na6 44. Bg6 Nb4 45. Bh7 Nc2+ 46. Kd2
Nd4 47. Ke3 Kf6 48. g4 fxg4 49. Kf2 Nf5 50. Kg2 Ke5 51. Bxf5 Kxf5 52. Kg3 Ke5
53. Kxg4 Kf6 54. Kf3 Kf5 55. Ke3 Ke5 0-1

[Event "County match"]
[Site "?"]
[Date "2012.01.07"]
[Round "?"]
[White "Stebbings, A."]
[Black "O'Toole, G."]
[Result "1-0"]
[WhiteElo "2194"]
[BlackElo "2226"]
[PlyCount "73"]
[EventDate "2012.??.??"]

1. e4 d6 2. d4 Nf6 3. Nc3 g6 4. g3 Bg7 5. Bg2 O-O 6. Nge2 Nbd7 7. h3 e5 8. O-O
Re8 9. Be3 c6 10. a4 exd4 11. Bxd4 Nf8 12. g4 Be6 13. Qd2 Bc4 14. Rfe1 Ne6 15.
Be3 Qc7 16. Rad1 Rad8 17. g5 Nh5 18. Bf3 d5 19. exd5 Bxc3 20. Nxc3 cxd5 21.
Nxd5 Bxd5 22. Bxd5 Nef4 23. c4 Nxh3+ 24. Kh1 N3f4 25. Qd4 Nxd5 26. cxd5 Qd7 27.
Bd2 Qh3+ 28. Kg1 Qf5 29. d6 Ng7 30. Rxe8+ Rxe8 31. d7 Rd8 32. Bc3 Qxg5+ 33. Kf1
Qh6 34. Rd3 f5 35. Qd5+ Kh8 36. Bf6 Qc1+ 37. Rd1 1-0

[Event "4NCL league"]
[Site "?"]
[Date "2012.01.14"]
[Round "?"]
[White "Stebbings, A."]
[Black "Knott, S."]
[Result "1/2-1/2"]
[WhiteElo "2194"]
[BlackElo "2394"]
[PlyCount "90"]
[EventDate "2012.??.??"]

1. d4 Nf6 2. c4 g6 3. Nc3 d5 4. Nf3 Bg7 5. Bf4 O-O 6. Rc1 dxc4 7. e4 Bg4 8.
Bxc4 Nh5 9. Be3 Bxf3 10. gxf3 e6 11. f4 Qh4 12. Qf3 c6 13. O-O Nd7 14. Rfd1 Nb6
15. Bb3 Bh6 16. Ne2 Rae8 17. d5 exd5 18. exd5 cxd5 19. Bxd5 Nxd5 20. Rxd5 Nf6
21. Rd3 Ng4 22. h3 Nxe3 23. fxe3 Rd8 24. Nd4 Bg7 25. Rcd1 Rfe8 26. Kg2 Qe7 27.
Kf2 a6 28. b3 Rc8 29. R1d2 Rc1 30. Ne2 Rc7 31. Kg2 f5 32. Qd5+ Qf7 33. Kf3
Qxd5+ 34. Rxd5 Bf6 35. Rd7 Re7 36. Rd8+ Kf7 37. R8d5 Rc6 38. Rd7 Rce6 39. R7d3
Rc6 40. Rd7 Rc7 41. R7d3 Kg7 42. Rd6 Bh4 43. R6d3 Be1 44. Rd1 Bb4 45. Rc1 Rxc1
1/2-1/2

[Event "4NCL league"]
[Site "?"]
[Date "2012.01.15"]
[Round "?"]
[White "Makarov, A."]
[Black "Stebbings, A."]
[Result "1/2-1/2"]
[WhiteElo "2218"]
[BlackElo "2194"]
[PlyCount "60"]
[EventDate "2012.??.??"]

1. e4 c5 2. Nc3 Nc6 3. g3 g6 4. Bg2 Bg7 5. d3 d6 6. Be3 e5 7. Qd2 Nge7 8. Bh6
Bxh6 9. Qxh6 Nd4 10. Qd2 Be6 11. Nd5 Nxd5 12. exd5 Bd7 13. c3 Nf5 14. Nf3 O-O
15. O-O b5 16. a3 a5 17. Rfe1 Qb6 18. h4 f6 19. Nh2 Kg7 20. Nf1 b4 21. Rab1
Rfb8 22. Qc2 Qa6 23. Ne3 Rb7 24. Bf1 bxc3 25. bxc3 Rab8 26. d4 Qa7 27. dxe5
fxe5 28. Nxf5+ Bxf5 29. Bd3 Rxb1 30. Rxb1 Rxb1+ 1/2-1/2

[Event "London league"]
[Site "?"]
[Date "2012.01.16"]
[Round "?"]
[White "Rios, J."]
[Black "Stebbings, A."]
[Result "0-1"]
[WhiteElo "2002"]
[BlackElo "2194"]
[PlyCount "34"]
[EventDate "2012.??.??"]

1. d4 Nf6 2. c4 e6 3. Nf3 Bb4+ 4. Bd2 Qe7 5. a3 Bxd2+ 6. Nbxd2 d6 7. g3 e5 8.
Bg2 e4 9. Ng5 e3 10. Nde4 exf2+ 11. Nxf2 O-O 12. Qd3 c5 13. d5 Nbd7 14. Qc2 Re8
15. Nf3 Ne5 16. Nxe5 Qxe5 17. Qc3 Qxe2# 0-1

[Event "County match"]
[Site "?"]
[Date "2012.02.04"]
[Round "?"]
[White "Granat, R."]
[Black "Stebbings, A."]
[Result "1/2-1/2"]
[WhiteElo "2250"]
[BlackElo "2194"]
[PlyCount "83"]
[EventDate "2012.??.??"]

1. e4 c6 2. d4 d5 3. exd5 cxd5 4. c4 Nf6 5. Nc3 Nc6 6. c5 e5 7. Bb5 exd4 8.
Qxd4 Be7 9. Nf3 O-O 10. Bxc6 bxc6 11. O-O Nd7 12. b4 a5 13. Ba3 Bf6 14. Qd2 Ne5
15. Nxe5 Bxe5 16. b5 cxb5 17. Nxb5 Bxa1 18. Rxa1 Rb8 19. Nd6 Be6 20. c6 Qc7 21.
Rc1 Rfd8 22. Nb7 Rxb7 23. cxb7 Qxb7 24. h3 d4 25. Qxa5 Ra8 26. Qc5 h6 27. Rd1
Qa7 28. Qxa7 Rxa7 29. Bc5 Rxa2 30. Rxd4 Rc2 31. Rd8+ Kh7 32. Be3 Rc8 33. Rd6 g5
34. Kh2 Kg6 35. Rb6 Rc2 36. g4 Rc4 37. Kg3 Kg7 38. Rd6 Kg6 39. Bd4 h5 40. gxh5+
Kxh5 41. f3 Kg6 42. f4 1/2-1/2

[Event "London league"]
[Site "?"]
[Date "2012.02.08"]
[Round "?"]
[White "Stebbings, A."]
[Black "Randall, R."]
[Result "1-0"]
[WhiteElo "2194"]
[BlackElo "2146"]
[PlyCount "71"]
[EventDate "2012.??.??"]

1. e4 d6 2. d4 Nf6 3. Nc3 c6 4. g3 e5 5. Nge2 b5 6. a3 Nbd7 7. Bg2 Bb7 8. O-O
Be7 9. h3 O-O 10. Be3 a6 11. g4 Ne8 12. Qd2 g6 13. Rad1 f6 14. f4 Qc7 15. Qe1
Ng7 16. Qg3 Rae8 17. Rd2 Nb6 18. b3 c5 19. dxc5 dxc5 20. fxe5 fxe5 21. Nd5
Rxf1+ 22. Kxf1 Rf8+ 23. Kg1 Nxd5 24. exd5 Bd6 25. Nc3 b4 26. axb4 cxb4 27. Ne4
Ne8 28. Qh4 Be7 29. Qh6 Nd6 30. Ng5 Bxg5 31. Qxg5 Re8 32. Qf6 a5 33. Rf2 Bc8
34. Bh6 Bf5 35. gxf5 Nxf5 36. Bc1 1-0

[Event "County match"]
[Site "?"]
[Date "2012.03.03"]
[Round "?"]
[White "Stebbings, A."]
[Black "Norman, K."]
[Result "1-0"]
[WhiteElo "2194"]
[BlackElo "2178"]
[PlyCount "123"]
[EventDate "2012.??.??"]

1. e4 e5 2. Nf3 Nc6 3. Bb5 a6 4. Ba4 Nf6 5. Qe2 b5 6. Bb3 Be7 7. c3 O-O 8. O-O
d6 9. Rd1 Na5 10. Bc2 c5 11. d4 Qc7 12. d5 Bd7 13. b3 Nb7 14. Nbd2 Nh5 15. Nf1
g6 16. Bh6 Rfe8 17. h3 f6 18. Ne1 Nd8 19. g4 Ng7 20. Ng3 Nf7 21. Bd2 Rf8 22.
Ng2 Qc8 23. Ne3 Qc7 24. Kg2 a5 25. c4 b4 26. a3 Ra7 27. a4 Raa8 28. Rh1 Qd8 29.
h4 h6 30. Rag1 Qc7 31. Kf1 Rab8 32. Ngf5 Bxf5 33. gxf5 g5 34. Ng4 h5 35. Nxf6+
Bxf6 36. hxg5 Bd8 37. f6 Nh8 38. fxg7 Qxg7 39. g6 h4 40. Qh5 Re8 41. Bh6 Qf6
42. Bg5 Qg7 43. Rxh4 Bxg5 44. Qxg5 Rf8 45. Bd1 Qf6 46. Qxf6 Rxf6 47. g7 Nf7 48.
Bh5 Nh6 49. Bg4 Kxg7 50. Bf5+ Kf7 51. Be6+ Ke7 52. Rg7+ Nf7 53. Rhh7 Rf8 54.
Kg2 Rf4 55. Kg3 Ke8 56. Rxf7 R8xf7 57. Rxf7 Rxf7 58. Bxf7+ Kxf7 59. f4 exf4+
60. Kxf4 Kf6 61. e5+ dxe5+ 62. Ke4 1-0

[Event "London league"]
[Site "?"]
[Date "2012.03.05"]
[Round "?"]
[White "Smith, GM."]
[Black "Stebbings, A."]
[Result "0-1"]
[WhiteElo "2042"]
[BlackElo "2194"]
[PlyCount "60"]
[EventDate "2012.??.??"]

1. d4 Nf6 2. c4 e6 3. g3 Bb4+ 4. Nd2 c5 5. a3 Bxd2+ 6. Qxd2 cxd4 7. Nf3 b6 8.
Bg2 Bb7 9. O-O Bxf3 10. Bxf3 Nc6 11. b4 Rc8 12. Bb2 Ne5 13. Qxd4 Nxc4 14. Bc3
d5 15. Rfd1 O-O 16. Qh4 Nd6 17. Bxf6 Qxf6 18. Qxf6 gxf6 19. Rdc1 Rc4 20. Rxc4
Nxc4 21. e3 Nd2 22. Be2 Rc8 23. Ra2 Rc1+ 24. Kg2 Nc4 25. h4 f5 26. Kf3 Kg7 27.
Kf4 Kf6 28. Bh5 Rc3 29. a4 e5+ 30. Kf3 d4 0-1

[Event "Kent league"]
[Site "?"]
[Date "2012.03.06"]
[Round "?"]
[White "Watson, I."]
[Black "Stebbings, A."]
[Result "1/2-1/2"]
[WhiteElo "2186"]
[BlackElo "2194"]
[PlyCount "23"]
[EventDate "2012.??.??"]

1. Nf3 d5 2. g3 c6 3. Bg2 Bg4 4. d3 e6 5. O-O Bd6 6. e4 Nd7 7. Re1 Ne7 8. Nbd2
O-O 9. h3 Bh5 10. g4 Bg6 11. e5 Bc7 12. Nf1 1/2-1/2

[Event "County match"]
[Site "?"]
[Date "2012.03.17"]
[Round "?"]
[White "Stebbings, A."]
[Black "FraserMitchell, J."]
[Result "1-0"]
[WhiteElo "2194"]
[BlackElo "2170"]
[PlyCount "85"]
[EventDate "2012.??.??"]

1. e4 e6 2. d4 d5 3. Nd2 Nf6 4. e5 Nfd7 5. f4 c5 6. c3 Nc6 7. Ndf3 Qa5 8. Be3
cxd4 9. Nxd4 Nxd4 10. Bxd4 Nb8 11. Nf3 Bd7 12. a4 Nc6 13. Be3 Be7 14. Bd3 g6
15. h4 h5 16. b4 Qc7 17. O-O d4 18. Nxd4 Nxd4 19. Bxd4 Bxh4 20. b5 Be7 21. Qf3
Rd8 22. Qe3 b6 23. a5 Bc5 24. axb6 Bxb6 25. Bxb6 axb6 26. Be2 O-O 27. Ra6 Rb8
28. Rd1 Rfc8 29. Rd6 Be8 30. c4 Kg7 31. Rdxb6 Rxb6 32. Qxb6 Qe7 33. Ra1 Qb4 34.
Qe3 Rd8 35. Bf1 Qb2 36. Re1 Ra8 37. Rd1 Qb4 38. Qd4 Ra4 39. Qd8 Qc5+ 40. Kh1
Qf2 41. Qxe8 Qh4+ 42. Kg1 Ra2 43. Qd8 1-0

[Event "European Senior Team ch."]
[Site "Rogaska Slatina, Slovenia"]
[Date "2012.03.27"]
[Round "1"]
[White "Stebbings, A."]
[Black "Palmo, P."]
[Result "1-0"]
[WhiteElo "2194"]
[BlackElo "2064"]
[PlyCount "73"]
[EventDate "2012.03.27"]

1. e4 e6 2. d4 d5 3. Nd2 Nf6 4. e5 Nfd7 5. f4 c5 6. c3 Nc6 7. Ndf3 Qb6 8. g3
cxd4 9. cxd4 Bb4+ 10. Kf2 f6 11. Kg2 Be7 12. Bd3 Nf8 13. Ne2 Bd7 14. a3 O-O-O
15. h4 Kb8 16. b4 h5 17. Be3 Be8 18. Qb1 fxe5 19. fxe5 Rc8 20. Rc1 Nd8 21. Nc3
Nf7 22. Qb3 Qd8 23. Nb5 Bxb5 24. Rxc8+ Kxc8 25. Bxb5 g5 26. Qa4 Kb8 27. Be8 g4
28. Bxf7 gxf3+ 29. Kxf3 Nd7 30. Bxe6 Nb6 31. Qc2 Bxh4 32. gxh4 Qxh4 33. Qf5 Qe7
34. Rg1 Rf8 35. Rg8 Rxg8 36. Bxg8 a5 37. Qf6 1-0

[Event "European Senior Team ch."]
[Site "Rogaska Slatina, Slovenia"]
[Date "2012.03.29"]
[Round "3"]
[White "Stebbings, A."]
[Black "Jones, I."]
[Result "1-0"]
[WhiteElo "2194"]
[BlackElo "2246"]
[PlyCount "103"]
[EventDate "2012.03.27"]

1. d4 Nf6 2. c4 d6 3. Nc3 e5 4. Nf3 Nbd7 5. e4 Be7 6. Be2 c6 7. O-O O-O 8. Re1
a6 9. h3 Rb8 10. Be3 Re8 11. Qc2 Bf8 12. Bf1 b5 13. cxb5 cxb5 14. b4 Bb7 15. d5
Rc8 16. Qb3 Nb6 17. Nd2 Nfd7 18. a4 bxa4 19. Nxa4 Nxa4 20. Qxa4 f5 21. f3 Rb8
22. Reb1 Ra8 23. Qa5 Be7 24. Qxd8 Rexd8 25. Rb2 fxe4 26. fxe4 Nf6 27. Rba2 Rdc8
28. Bxa6 Bxa6 29. Rxa6 Rab8 30. Rb1 Rc3 31. Ba7 Rb5 32. Rb6 Rxb6 33. Bxb6 Nd7
34. Ba7 Bg5 35. Nf3 Bd8 36. Rb2 Nb6 37. Nd2 Nc8 38. Bf2 Nb6 39. Kf1 Rc1+ 40.
Ke2 Rc3 41. Rb3 Rc1 42. Ra3 Rc2 43. Bxb6 Bxb6 44. Kd3 Rb2 45. Rb3 Ra2 46. b5
Kf7 47. Nc4 Bc7 48. b6 Bb8 49. Ra3 Rxa3+ 50. Nxa3 Ke7 51. Kc4 Kd7 52. Kb5 1-0

[Event "European Senior Team ch."]
[Site "Rogaska Slatina, Slovenia"]
[Date "2012.03.30"]
[Round "4"]
[White "Stebbings, A."]
[Black "Strutinskaya, G."]
[Result "1/2-1/2"]
[WhiteElo "2194"]
[BlackElo "2273"]
[PlyCount "89"]
[EventDate "2012.03.27"]

1. e4 c5 2. Nf3 Nc6 3. d4 cxd4 4. Nxd4 Nf6 5. Nc3 e6 6. Ndb5 d6 7. Bf4 e5 8.
Bg5 a6 9. Na3 b5 10. Nd5 Be7 11. Bxf6 Bxf6 12. c3 Bg5 13. Nc2 Rb8 14. a4 bxa4
15. Ncb4 Nxb4 16. Nxb4 Bd7 17. Bxa6 O-O 18. O-O Qb6 19. Bd3 Ra8 20. Bc2 Ra5 21.
Bxa4 Rfa8 22. b3 g6 23. Qc2 Qa7 24. Ra2 Bxa4 25. Rfa1 Bxb3 26. Rxa5 Bxc2 27.
Rxa7 Rxa7 28. Rxa7 Bxe4 29. Rd7 Bd2 30. Rxd6 Bxc3 31. Nd5 Bxd5 32. Rxd5 h5 33.
f3 Kg7 34. Rd6 h4 35. Rc6 Bd4+ 36. Kf1 Kh6 37. h3 Kg5 38. Ke2 Kf5 39. Ra6 Bc3
40. Ra7 f6 41. Rh7 Kg5 42. Kd3 Bd4 43. Ke4 f5+ 44. Kd3 Bf2 45. Ke2 1/2-1/2

[Event "European Senior Team ch."]
[Site "Rogaska Slatina, Slovenia"]
[Date "2012.03.31"]
[Round "5"]
[White "Donchenko, A."]
[Black "Stebbings, A."]
[Result "1/2-1/2"]
[WhiteElo "2376"]
[BlackElo "2194"]
[PlyCount "35"]
[EventDate "2012.03.27"]

1. d4 Nf6 2. c4 e6 3. Nf3 Bb4+ 4. Nbd2 b6 5. g3 Bb7 6. Bg2 c5 7. dxc5 Bxc5 8.
O-O O-O 9. a3 Be7 10. b3 d6 11. Bb2 Qc7 12. e4 Nc6 13. Qe2 Nd7 14. Rfd1 Bf6 15.
Nf1 Rfd8 16. Rac1 Bxb2 17. Qxb2 Nf6 18. N1d2 1/2-1/2

[Event "European Senior Team ch."]
[Site "Rogaska Slatina, Slovenia"]
[Date "2012.04.01"]
[Round "6"]
[White "Malmdin, N."]
[Black "Stebbings, A."]
[Result "1/2-1/2"]
[WhiteElo "2306"]
[BlackElo "2194"]
[PlyCount "155"]
[EventDate "2012.03.27"]

1. e4 c5 2. Nf3 e6 3. Nc3 Nc6 4. d4 cxd4 5. Nxd4 Qc7 6. Be3 a6 7. Bd3 Nf6 8.
O-O Ne5 9. Nf3 Nfg4 10. Nxe5 Nxe3 11. Qh5 g6 12. Qf3 Qxe5 13. fxe3 f6 14. Qxf6
Qxf6 15. Rxf6 Bg7 16. Rf3 b5 17. Raf1 Bb7 18. Nd1 b4 19. b3 Bc6 20. Nf2 a5 21.
Ng4 Bc3 22. Nh6 Ke7 23. Rf7+ Kd6 24. Kf2 a4 25. Ke2 axb3 26. axb3 Rae8 27. g4
Ra8 28. R7f4 Ke7 29. g5 Raf8 30. Rf7+ Rxf7 31. Rxf7+ Ke8 32. h4 Be5 33. Rf3 Rf8
34. Ng4 Rxf3 35. Kxf3 Bc3 36. Kf4 Kf7 37. e5 Be1 38. Nf6 Bxh4 39. Nxh7 Kg7 40.
Nf6 Kf7 41. Be4 Bb5 42. Bb7 Ke7 43. Ne4 Be1 44. Nd6 Be2 45. Be4 Bh5 46. Nb7 Bc3
47. Nd6 Bd2 48. Nc4 Be1 49. Bf3 Bxf3 50. Kxf3 Bc3 51. Ke4 Ba1 52. Nd6 Bb2 53.
Nb5 Ba1 54. Nd4 Bc3 55. Kd3 Kd8 56. Ke4 Ke7 57. Ne2 Bd2 58. Kd3 Be1 59. c3 Bh4
60. cxb4 Bxg5 61. Nf4 Kf7 62. b5 Bd8 63. Ke4 Bb6 64. Nh3 Ke7 65. Nf4 g5 66. Ne2
d6 67. Nd4 g4 68. exd6+ Kxd6 69. b4 g3 70. Kf3 Kd5 71. Kxg3 Ke4 72. Kf2 e5 73.
Nc2 Kd3 74. Ne1+ Kc4 75. Kf3 Kxb4 76. Nc2+ Kxb5 77. Ke4 Bxe3 78. Kxe5 1/2-1/2

[Event "European Senior Team ch."]
[Site "Rogaska Slatina, Slovenia"]
[Date "2012.04.02"]
[Round "7"]
[White "Stebbings, A."]
[Black "Hecht, H."]
[Result "1/2-1/2"]
[WhiteElo "2194"]
[BlackElo "2383"]
[PlyCount "43"]
[EventDate "2012.03.27"]

1. e4 e5 2. Nf3 Nc6 3. Bb5 f5 4. Nc3 fxe4 5. Nxe4 Nf6 6. Nxf6+ Qxf6 7. O-O Be7
8. Bxc6 dxc6 9. Qe1 O-O 10. d3 Bd6 11. Ng5 Qg6 12. f3 Bf5 13. Ne4 a5 14. a4
Bxe4 15. dxe4 Bc5+ 16. Be3 Bxe3+ 17. Qxe3 b6 18. Rad1 Rad8 19. Rd3 Rd6 20. Rfd1
Rfd8 21. Rxd6 Rxd6 22. Rxd6 1/2-1/2

[Event "European Senior Team ch."]
[Site "Rogaska Slatina, Slovenia"]
[Date "2012.04.03"]
[Round "8"]
[White "Gundersen, H."]
[Black "Stebbings, A."]
[Result "1-0"]
[WhiteElo "2223"]
[BlackElo "2194"]
[PlyCount "69"]
[EventDate "2012.03.27"]

1. f4 Nf6 2. Nf3 g6 3. b4 c6 4. c4 a5 5. b5 Bg7 6. Bb2 O-O 7. e3 cxb5 8. cxb5
d6 9. Be2 Nbd7 10. O-O Nc5 11. Na3 Bf5 12. d3 Ng4 13. Bxg7 Kxg7 14. Qd2 e5 15.
h3 e4 16. dxe4 Nxe4 17. Qd4+ Ngf6 18. g4 Ng3 19. Rf2 Re8 20. g5 Bxh3 21. Qxf6+
Qxf6 22. gxf6+ Kxf6 23. Nc4 Bg4 24. Bd3 Bf5 25. Rd1 Rad8 26. Kh2 Bxd3 27. Rxd3
Nf5 28. Re2 a4 29. Nd4 d5 30. Nb6 a3 31. Nxf5 Kxf5 32. Nxd5 Rd7 33. Red2 Re4
34. Rxa3 Ke6 35. Rad3 1-0

[Event "European Senior Team ch."]
[Site "Rogaska Slatina, Slovenia"]
[Date "2012.04.04"]
[Round "9"]
[White "Stebbings, A."]
[Black "Jorgensen, J."]
[Result "1/2-1/2"]
[WhiteElo "2194"]
[BlackElo "2209"]
[PlyCount "41"]
[EventDate "2012.03.27"]

1. e4 Nf6 2. e5 Nd5 3. d4 d6 4. Nf3 Nc6 5. c4 Nb6 6. exd6 exd6 7. h3 Bf5 8. d5
Nb4 9. Nd4 Bxb1 10. Rxb1 Nxa2 11. Bd2 a5 12. Qb3 Nb4 13. Bxb4 axb4 14. Qxb4 Be7
15. Be2 O-O 16. O-O Bf6 17. Qd2 Re8 18. Nb5 Ra2 19. Bd3 g6 20. Nc3 Ra8 21. Rfe1
1/2-1/2

[Event "London league"]
[Site "?"]
[Date "2012.04.23"]
[Round "?"]
[White "Linton, W."]
[Black "Stebbings, A."]
[Result "1-0"]
[WhiteElo "2114"]
[BlackElo "2194"]
[PlyCount "71"]
[EventDate "2012.??.??"]

1. c4 Nf6 2. Nc3 c5 3. g3 e6 4. Bg2 a6 5. e4 Nc6 6. d3 Be7 7. f4 d6 8. Nf3 Rb8
9. a4 O-O 10. O-O Bd7 11. h3 Ne8 12. f5 exf5 13. Nd5 fxe4 14. dxe4 b5 15. axb5
axb5 16. b3 bxc4 17. bxc4 Nf6 18. Nxe7+ Qxe7 19. Bf4 Ne8 20. Qd3 f6 21. Rfd1
Ne5 22. Bxe5 fxe5 23. Ra7 Rf7 24. h4 h6 25. Bh3 Rd8 26. Rxd7 Rxd7 27. Bxd7 Qxd7
28. Nxe5 dxe5 29. Qxd7 Rxd7 30. Rxd7 Nf6 31. Re7 Ng4 32. Rc7 g5 33. hxg5 hxg5
34. Rxc5 Kf7 35. Kg2 Ke6 36. Kf3 1-0

[Event "London league"]
[Site "?"]
[Date "2012.05.02"]
[Round "?"]
[White "Hill, A."]
[Black "Stebbings, A."]
[Result "0-1"]
[WhiteElo "2074"]
[BlackElo "2194"]
[PlyCount "56"]
[EventDate "2012.??.??"]

1. e4 c5 2. Nf3 e6 3. d4 cxd4 4. Nxd4 Nc6 5. Be3 Nf6 6. Bd3 Qc7 7. Nc3 a6 8.
O-O Ne5 9. h3 Bc5 10. Kh1 d6 11. Qd2 O-O 12. f4 Ng6 13. Be2 b5 14. Bf3 Bb7 15.
Qd3 e5 16. fxe5 Nxe5 17. Qe2 Nc4 18. b3 Nxe3 19. Qxe3 Rae8 20. Qd3 Re5 21. Nf5
g6 22. Ng3 Rfe8 23. a4 d5 24. Nxd5 Nxd5 25. exd5 Re3 26. Qd2 Qxg3 27. axb5 axb5
28. Qa5 Bd6 0-1

[Event "Kent league"]
[Site "?"]
[Date "2012.05.13"]
[Round "?"]
[White "Stebbings, A."]
[Black "Prizant, M."]
[Result "1/2-1/2"]
[WhiteElo "2194"]
[BlackElo "2082"]
[PlyCount "63"]
[EventDate "2012.??.??"]

1. e4 c5 2. Nf3 g6 3. d4 cxd4 4. Nxd4 Bg7 5. c4 Nc6 6. Nc2 Nf6 7. Nc3 d6 8. Be2
Nd7 9. Bd2 Nc5 10. O-O O-O 11. f3 a5 12. Be3 a4 13. Qd2 f5 14. exf5 Bxf5 15.
Nd4 Bd7 16. Rad1 Nxd4 17. Bxd4 Bxd4+ 18. Qxd4 Bc6 19. Kh1 Rf7 20. Bd3 Qf8 21.
Kg1 Qg7 22. Qxg7+ Kxg7 23. Rfe1 Nxd3 24. Rxd3 Ra5 25. Nd5 Bxd5 26. Rxd5 Rxd5
27. cxd5 Kf8 28. Re4 Rf5 29. Rd4 g5 30. Kf2 Ke8 31. Ke3 Kd7 32. Rxa4 1/2-1/2

[Event "London league"]
[Site "?"]
[Date "2012.05.23"]
[Round "?"]
[White "Whitton, T."]
[Black "Stebbings, A."]
[Result "1-0"]
[WhiteElo "2058"]
[BlackElo "2194"]
[PlyCount "87"]
[EventDate "2012.??.??"]

1. Nf3 Nf6 2. g3 d5 3. Bg2 c6 4. b3 Bg4 5. Bb2 Nbd7 6. d4 e6 7. O-O Bd6 8. Nbd2
O-O 9. Qe1 Bf5 10. c3 a5 11. Nh4 a4 12. e4 dxe4 13. Nxe4 Nxe4 14. Bxe4 Bxe4 15.
Qxe4 axb3 16. axb3 Qb6 17. Qc2 c5 18. Nf3 cxd4 19. Nxd4 Nc5 20. c4 Be5 21. Nb5
Bxb2 22. Qxb2 Qc6 23. Qc2 Qf3 24. Nd4 Qg4 25. Rad1 Rfd8 26. f3 Qg5 27. Kg2 e5
28. Nb5 Qe3 29. b4 Nd3 30. Nc7 Nxb4 31. Nxa8 Rxa8 32. Qd2 Qxd2+ 33. Rxd2 Nc6
34. Rb1 Rb8 35. Rd6 Na5 36. c5 Rc8 37. Rb5 Nc4 38. Rd7 g6 39. Rdxb7 Kg7 40. Rd7
Rc6 41. Rbb7 Rf6 42. Rb4 Ne3+ 43. Kf2 Nd1+ 44. Rxd1 1-0

[Event "European Club Cup"]
[Site "Eilat, Israel"]
[Date "2012.10.11"]
[Round "1"]
[White "Steinberg, N."]
[Black "Stebbings, A."]
[Result "1/2-1/2"]
[WhiteElo "2370"]
[BlackElo "2282"]
[PlyCount "84"]
[EventDate "2012.10.11"]

1. e4 c5 2. Nf3 e6 3. d4 cxd4 4. Nxd4 Nc6 5. Nc3 Qc7 6. Be3 a6 7. a3 b5 8. f4
Bb7 9. Be2 Nf6 10. O-O Be7 11. Nb3 d6 12. Bf3 O-O 13. Qe2 Rac8 14. Rad1 b4 15.
axb4 Nxb4 16. f5 exf5 17. exf5 Rfe8 18. Bd4 Nd7 19. Qd2 Bf6 20. Bxf6 Nxf6 21.
Nd4 Re5 22. Ncb5 axb5 23. Qxb4 Bxf3 24. Rxf3 Qb6 25. Rc3 Rcc5 26. Ra1 h5 27.
Rxc5 Rxc5 28. Ra8+ Kh7 29. Qa5 Qxa5 30. Rxa5 b4 31. Rxc5 dxc5 32. Nf3 Ne4 33.
Ne5 g6 34. fxg6+ fxg6 35. Kf1 Kg7 36. Nd7 Kf7 37. Ke2 Ke6 38. Ke3 Kxd7 39. Kxe4
Ke6 40. g3 Kd6 41. h3 Ke6 42. h4 Kd6 1/2-1/2

[Event "London league"]
[Site "?"]
[Date "2012.11.12"]
[Round "?"]
[White "Stebbings, A."]
[Black "Harris, R."]
[Result "1-0"]
[WhiteElo "2282"]
[BlackElo "2162"]
[PlyCount "91"]
[EventDate "2012.??.??"]

1. e4 c5 2. Nf3 e6 3. d4 cxd4 4. Nxd4 Nc6 5. Nc3 Qc7 6. f4 a6 7. Nxc6 Qxc6 8.
Bd3 d5 9. exd5 exd5 10. Qe2+ Be7 11. O-O Bd7 12. Be3 O-O-O 13. Bd4 Bc5 14. Qf2
Bxd4 15. Qxd4 Nf6 16. a4 Kb8 17. b4 Rc8 18. Ra3 Qd6 19. Rb3 Rhe8 20. a5 Re7 21.
Rfb1 h5 22. b5 axb5 23. Nxb5 Bxb5 24. Rxb5 Rc6 25. h3 Qa3 26. Kh2 h4 27. Qf2
Ra6 28. R5b3 Qxa5 29. Bxa6 Qxa6 30. Qxh4 Qd6 31. Kh1 Ne8 32. Qf2 Rc7 33. Rb6
Qe7 34. Qd2 Nf6 35. Qb4 Qd7 36. Qf8+ Ne8 37. Re1 Ka7 38. Rb2 Rc8 39. Re7 Qc6
40. Qxf7 Nd6 41. Qxg7 Qa6 42. Qd4+ Ka8 43. Re1 Qa5 44. Rbb1 Rxc2 45. Ra1 Ra2
46. Rxa2 1-0

[Event "County match"]
[Site "?"]
[Date "2012.11.17"]
[Round "?"]
[White "Stebbings, A."]
[Black "Slade, R."]
[Result "1/2-1/2"]
[WhiteElo "2282"]
[BlackElo "2234"]
[PlyCount "74"]
[EventDate "2012.??.??"]

1. e4 d6 2. d4 g6 3. Nc3 Bg7 4. Nge2 Nd7 5. g3 c6 6. a4 e5 7. Be3 Ne7 8. Bg2
Nf6 9. h3 O-O 10. O-O Qc7 11. f4 Nh5 12. Qd3 exf4 13. gxf4 Nf6 14. f5 Qa5 15.
Ng3 b6 16. Bd2 Qa6 17. e5 d5 18. fxg6 Qxd3 19. cxd3 Ne8 20. gxf7+ Rxf7 21. Rxf7
Kxf7 22. Rf1+ Kg6 23. Bf3 h6 24. Bh5+ Kh7 25. Bxe8 Bxh3 26. Bh5 Bxf1 27. Kxf1
c5 28. dxc5 Bxe5 29. Nge2 bxc5 30. Bf3 Rb8 31. Bc1 Rd8 32. Kf2 Rf8 33. Kg2 Rg8+
34. Kh3 Rf8 35. Kg2 Rg8+ 36. Kh1 Rd8 37. Kg2 Rg8+ 1/2-1/2

[Event "Kent league"]
[Site "?"]
[Date "2012.11.20"]
[Round "?"]
[White "Stebbings, A."]
[Black "Duggan, J."]
[Result "1-0"]
[WhiteElo "2282"]
[BlackElo "2170"]
[PlyCount "75"]
[EventDate "2012.??.??"]

1. e4 e6 2. d4 d5 3. Nd2 Nf6 4. e5 Nfd7 5. f4 c5 6. c3 Nc6 7. Ndf3 Qb6 8. g3
cxd4 9. cxd4 Bb4+ 10. Kf2 g5 11. Be3 gxf4 12. gxf4 Nf8 13. Bd3 Be7 14. Qd2 f6
15. Ne2 fxe5 16. dxe5 Bc5 17. Bxc5 Qxc5+ 18. Qe3 Qxe3+ 19. Kxe3 Bd7 20. Rhg1
Rc8 21. Rac1 Ne7 22. Rxc8+ Nxc8 23. Rg7 h6 24. Ng3 Ne7 25. Nh5 a6 26. Nd4 Kd8
27. Nf6 Bc8 28. b4 Bd7 29. h4 Ba4 30. h5 Bd1 31. Kd2 Ba4 32. Ke3 Bd1 33. a3 Ba4
34. f5 exf5 35. Bxf5 Bc6 36. Kf4 Nxf5 37. Kxf5 Bd7+ 38. e6 1-0

[Event "London league"]
[Site "?"]
[Date "2012.11.29"]
[Round "?"]
[White "Stebbings, A."]
[Black "Lindner, D."]
[Result "1/2-1/2"]
[WhiteElo "2282"]
[BlackElo "2274"]
[PlyCount "42"]
[EventDate "2012.??.??"]

1. e4 c5 2. Nf3 d6 3. d4 cxd4 4. Nxd4 Nf6 5. Nc3 g6 6. f4 Nbd7 7. Bc4 Bg7 8.
Nf3 Qc7 9. Qe2 Nb6 10. Bb3 Bg4 11. O-O O-O 12. h3 Bxf3 13. Rxf3 e6 14. Be3 a6
15. Rd1 Rac8 16. Bf2 Rfe8 17. Rfd3 Nc4 18. Bxc4 Qxc4 19. Qf3 d5 20. exd5 Nxd5
21. Nxd5 exd5 1/2-1/2